| 000 | 00462nam a22001457a 4500 | ||
|---|---|---|---|
| 999 |
_c8004 _d8005 |
||
| 008 | 190624b ||||| |||| 00| 0 eng d | ||
| 082 | _a353.46 A6291a 2018 | ||
| 100 | _aAnti- Corruption Commission | ||
| 245 |
_aAnnual Report 2018 ; _bAnti- Corruption Commission |
||
| 260 |
_aThimphu ; _bAnti-Corruption Commission, _c2018. |
||
| 300 |
_a106 p. _bill, _c23 cm. |
||
| 500 | _aIssues in English and Dzongkha. | ||
| 650 | _aAnti- Corruption Commission | ||
| 942 | _2ddc | ||